| 000 | 03925nam a2200361Ia 4500 | ||
|---|---|---|---|
| 001 | dia_7453 | ||
| 003 | CHAP | ||
| 005 | 20240620183656.0 | ||
| 008 | 220117s2006 xx 000 0 und d | ||
| 010 | _a179069 | ||
| 040 | _cCHAP | ||
| 082 |
_aM 342.0872026972 _bM49 2006 |
||
| 110 |
_aMéxico. Instituto Nacional de Lenguas Indígenas _9142363 |
||
| 245 |
_aPresentación de la Ley General de Derechos Lingüísticos de los Pueblos Indígenas [recurso electrónico] / _c INALI |
||
| 246 | _aLey General de Derechos Lingüistícos de los Pueblos Indígenas | ||
| 260 |
_aMéxico : _b INALI : _b SEP, _c2006 |
||
| 300 | _a24 CD-ROM / son. | ||
| 490 | _aPrimera serie | ||
| 500 | _aLa biblioteca tiene los CD-ROMs 1, 2, 3, 4, 5, 7, 10, 15, 18, 19, 21 y 23 \ (Cada CD-ROM) Grabación sonora de la traducción de la Ley General de Derechos Lingüistícos de los Pueblos Indígenas en una lengua indígena diferente \ Texto en español de la Ley General de Derechos Lingüistícos de los Pueblos Indígenas | ||
| 503 | _aD. | ||
| 505 | _aCD-ROM Lengua: Ayuujk, de San Pedro y San Pablo Ayutla Mixe, Oaxaca / traducción y voz Yásnaya Aguilar Gil \ CD-ROM 2. Lengua: Bats'i k'op (Tsotsil), de Huixtán, Chaipas / traducción y voz Pedro Pérez Martínez \ CD-ROM 3. Lengua: Bats'i k'op (Tseltal), de Oxchuc, Chiapas / traducción y voz Rogelio Gómez Gómez \ CD-ROM 4. Lengua: Bats'i k'op (Tseltal), de Tenejapa, Chiapas / traducción y voz Alfredo Zapata Guzmán \ CD-ROM 5. Lengua: Diidxazá, de Juchitán de Zaragoza, Oaxaca / traducción y voz Tomás Villalobos Aquino \ CD-ROM 6. Lengua: Jñon'ndaa, de Xochistlahuaca, Guerrero \ CD-ROM 7. Lengua: Chól, de Tila, Chiapas / traducción y voz Enrique Jiménez Jiménez \ CD-ROM 8. Lengua: Me'phaa, de Pozolapa, Acatepec, Guerrero \ CD-ROM 9. Lengua: Náhuatl, de Hueyapan, Tetela del Volcán, Morelos \ CD-ROM 10. Lengua: Náhuatl, de Axtla de Terrazas, San Luis Potosí / traducción y voz Jaime Mercado Loredo \ CD-ROM 1Lengua: Náhuatl, de Rafael Delgado, Veracruz \ CD-ROM 12. Lengua: Náhuatl, de Tetelilla, Tuzamapan de Galeana, Puebla \ CD-ROM 13. Lengua: Náhuatl, de Atlahuilco, Veracruz \ CD-ROM 14. Lengua: Náhuatl, de Xalitla, Tepecoacuilco de Trujano, Guerrero \ CD-ROM 15. Lengua: Ombeayiüts, de San Mateo del Mar, Oaxaca / traducción y voz Constantino Canales Gijón \ CD-ROM 16. Lengua: P'uerepecha, de San Antonio Tierras Blancas, Los Reyes, Michoacán \ CD-ROM 17. Lengua: Se'en svai, de Pinotepa Nacional, Oaxaca \ CD-ROM 18. Lengua: Tének, de Tanlajás, San Luis Potosí / traducción y voz Jacinto Gómez Ramírez \ CD-ROM 19. Lengua: Tnaj tnïj, de Putla Villa de Guerrero, Oaxaca / traducción y voz Zósimo Ortega González \ CD-ROM 20. Lengua: Tojol ab'al, de las Cruces, Las Margaritas, Chiapas \ CD-ROM 2Lengua: Tu'un savi, de Cuanacaxtitlán, San Luis Acatlán, Guerrero / traducción y voz Gaudencio Sirenio Pioquinto \ CD-ROM 22. Lengua: Úza', de San Luis de la Paz, Guanajuato \ CD-ROM 23. Lengua: Yoko t'an, de Tapotzingo, Nacajuca, Tabasco / traducción y voz Domingo Alejandro Luciano \ CD-ROM 24. Lengua: Yoreme, de Etchojoa, Sonora | ||
| 521 | _aDestinado para personas de comunidades indígenas | ||
| 530 | _aVersión en línea en el sitio de INALI \ https://www.inali.gob.mx/es/difusion/presentacion-de-la-ley-general-de-derechos-linguisticos-de-los-pueblos-indigenas.html | ||
| 538 | _aPara sistemas operativos PC y MAC | ||
| 650 |
_aIndians of Mexico _xLanguages _xLaw and legislation _9163042 |
||
| 650 |
_aIndios de México _xLenguas _xLeyes y legislación _9163043 |
||
| 651 |
_a2. México - Lenguas - Leyes y legislación \ 4. Mexico - Languages - Law and legislation _9163044 |
||
| 710 |
_aInstituto Nacional de Lenguas Indígenas (México) _959382 |
||
| 901 | _aM 342.0872026972 M49 2006 | ||
| 902 | _aM | ||
| 905 | _a5222272006 mx l 9915223322cai16 | ||
| 942 |
_cCD _2ddc |
||
| 999 |
_c179069 _d179069 |
||